000 00857nam a22002057a 4500
999 _c5406
_d5406
003 AR-CdUCM
008 190312b ||||| |||| 00| 0 spa d
040 _aMUNICIPALIDAD PROVINCIAL DEL CUSCO
_cBIBLIOTECA MUNICIPAL DEL CUSCO
082 _a146 /
_bR54
100 _aRichta, Radovan
_916295
245 _aLa Civilización en la Encrucijada /
260 _aMadrid :
_bArtiach,
_c1972.
300 _a413 páginas ;
_c21 cm.
505 _aLa naturaleza de la revolución científico-técnica -- Los cambios en el trabajo, la cualificación y la instrucción -- La civilización moderna y el desarrollo del hombre -- Los rasgos dominantes de la evolución social en la época de la revolución científico técnica...
650 _aDialéctica
_95490
650 _aFilosofía
_9395
650 _aMaterialismo
_95459
942 _2ddc
_cLIBROS
945 _admma